000 00671nam a2200229Ia 4500
005 20250425162328.0
008 250425s9999 xx 000 0 und d
041 _aeng
082 _a614
100 _aPAN AMERICAN, HEALTH ORGANIZATION
245 0 _aPUBLIC HEALTH WORKFORCE: SELECTED LITERATURE REVIEW
250 _aS.E.
260 _aEstados Unidos
_bPAN AMERICAN HEALTH ORGANIZATION
_c2006
260 _aWASHINGTON
_bPAN AMERICAN HEALTH ORGANIZATION
300 _a132
500 _aSERIES HUMAN RESOURCES FOR HEALTH NO.46
650 _aMEDICINA
650 _aSALUD PUBLICA
710 _aPAN AMERICAN HEALTH ORGANIZATION
942 _c01
010 _a62663
999 _c226989
_d226989